书目信息 |
| 题名: |
盛世流芳——长孙皇后
|
|
| 作者: | 姜越 主编 | |
| 分册: | ||
| 出版信息: | 沈阳 辽宁人民出版社 2017 |
|
| 页数: | 213页 | |
| 开本: | 23cm | |
| 丛书名: | ||
| 单 册: | ||
| 中图分类: | K827=421 | |
| 科图分类: | ||
| 主题词: | 皇后--huang hou--传记--中国--唐代 | |
| 电子资源: | ||
| ISBN: | 978-7-205-08839-2 | |
| 000 | 00796nam0 22002411 450 | |
| 001 | 0119171323 | |
| 005 | 20170619171323.0 | |
| 010 | @a978-7-205-08839-2@dCNY36.00 | |
| 100 | @a20170323d2017 em y0chiy50 ea | |
| 101 | 0 | @achi |
| 102 | @aCN@b210000 | |
| 105 | @aa z 000zd | |
| 106 | @ar | |
| 200 | 1 | @a盛世流芳——长孙皇后@9sheng shi liu fang chang sun huang hou@f姜越主编 |
| 210 | @a沈阳@c辽宁人民出版社@d2017 | |
| 215 | @a213页@c图@d23cm | |
| 300 | @a帝后传奇 | |
| 330 | @a本书从长孙皇后的家族写起,贯穿了长孙皇后一生的轨迹,嫁入李府、当上秦王妃、参与玄武门兵变、以德服人管理后宫、盛装谏言唐太宗。 | |
| 606 | 0 | @a皇后@9huang hou@x传记@y中国@z唐代 |
| 690 | @aK827=421@v5 | |
| 701 | 0 | @a姜越@9jiang yue@4主编 |
| 801 | 0 | @aCN@b百万庄@c20170617 |
| 905 | @b1012719-24@dK827=421@e686@f6 | |
| 盛世流芳——长孙皇后/姜越主编.-沈阳:辽宁人民出版社,2017 |
| 213页:图;23cm |
| 帝后传奇 |
| ISBN 978-7-205-08839-2:CNY36.00 |
| 本书从长孙皇后的家族写起,贯穿了长孙皇后一生的轨迹,嫁入李府、当上秦王妃、参与玄武门兵变、以德服人管理后宫、盛装谏言唐太宗。 |
| ● |
| 相关链接 |
|
|
|
|
正题名:盛世流芳——长孙皇后
索取号:K827=421/686
 
预约/预借
| 序号 | 登录号 | 条形码 | 馆藏地/架位号 | 状态 | 备注 |
| 1 | 1012719 | 210127192 | 第二样本阅览室/ [索取号:K827=421/686] | 在馆 | |
| 2 | 1012720 | 210127209 | 教育系资料室/ [索取号:K827=421/686] | 在馆 | |
| 3 | 1012721 | 210127218 | 教育系资料室/ [索取号:K827=421/686] | 在馆 | |
| 4 | 1012722 | 210127227 | 教育系资料室/ [索取号:K827=421/686] | 在馆 | |
| 5 | 1012723 | 210127236 | 第二借阅区/ [索取号:K827=421/686] | 在馆 | |
| 6 | 1012724 | 210127245 | 第二借阅区/ [索取号:K827=421/686] | 在馆 |